000 00468nam a2200181Ia 4500
001 827
005 20260306140546.0
008 260306t2019||||xx |||||||||||||| ||spa||
041 _aESP
082 _a170
_bM27
100 _aMassini Correas, Carlos
_eAUT
245 0 _aAlternativas a la ética contemporánea:
_bconstructivismo y realismo ético
260 _c2019
300 _a214 páginas :
_c21 cm.
650 _aGEN
654 _aCHU
942 _cLIB
_dJUS
_fJUS
_2ddc
_n
999 _c827
_d827